Fr. Conceicao Rodrigues College of Engineering

TCP/IP illustrated:The protocols (Record no. 17986)

MARC details
000 -LEADER
fixed length control field 00375nam a2200169Ia 4500
082 ## - DEWEY DECIMAL CLASSIFICATION NUMBER
Classification number 4.62
Item number STE
100 ## - MAIN ENTRY--PERSONAL NAME
Personal name Stevens/Richard W/ Gabrani/G
245 ## - TITLE STATEMENT
Title TCP/IP illustrated:The protocols
260 ## - PUBLICATION, DISTRIBUTION, ETC.
Name of publisher, distributor, etc. Pearson Education
Date of publication, distribution, etc. 2006
366 ## - TRADE AVAILABILITY INFORMATION
Publishers's discount category 25
300 ## - PHYSICAL DESCRIPTION
Extent 512
546 ## - LANGUAGE NOTE
Language note ENGLISH
-- electronics
650 ## - SUBJECT ADDED ENTRY--TOPICAL TERM
Topical term or geographic name entry element TCP/IP
654 ## - SUBJECT ADDED ENTRY--FACETED TOPICAL TERMS
Focus term TCP/IP
942 ## - ADDED ENTRY ELEMENTS (KOHA)
Koha item type BOOK
Holdings
Withdrawn status Lost status Damaged status Not for loan Collection Home library Current library Date acquired Source of acquisition Cost, normal purchase price Inventory number Total Checkouts Full call number Barcode Date last seen Cost, replacement price Price effective from Koha item type
        CRC Fr. Agnel's C.Rodrigues College of Engineering Fr. Agnel's C.Rodrigues College of Engineering 17/03/2023 Allied Publishers 345.00 354 dt 30/04/2010   4.62 STE 20650 17/03/2023 460.00   BOOK